Truemans NTA UGC NET SET library and information science: for JRF and eligibility testfor assistant professor (Record no. 170916)
[ view plain ]
| 000 -LEADER | |
|---|---|
| fixed length control field | 00798nam a2200217Ia 4500 |
| 003 - CONTROL NUMBER IDENTIFIER | |
| control field | OSt |
| 005 - DATE AND TIME OF LATEST TRANSACTION | |
| control field | 20230503154533.0 |
| 008 - FIXED-LENGTH DATA ELEMENTS--GENERAL INFORMATION | |
| fixed length control field | 210423s2021 xx 000 0 und d |
| 020 ## - INTERNATIONAL STANDARD BOOK NUMBER | |
| International Standard Book Number | 978-81-89301-32-3 |
| 040 ## - CATALOGING SOURCE | |
| Transcribing agency | AL |
| 041 ## - LANGUAGE CODE | |
| Language code of text/sound track or separate title | eng |
| 082 ## - DEWEY DECIMAL CLASSIFICATION NUMBER | |
| Classification number | 020.2 |
| Edition number | 23 |
| Item number | THAT |
| 100 ## - MAIN ENTRY--PERSONAL NAME | |
| Personal name | THAKUR (S) |
| 9 (RLIN) | 97312 |
| 245 ## - TITLE STATEMENT | |
| Title | Truemans NTA UGC NET SET library and information science: for JRF and eligibility testfor assistant professor |
| Remainder of title | Ph.D M.Phil entrance exams |
| 260 ## - PUBLICATION, DISTRIBUTION, ETC. | |
| Place of publication, distribution, etc. | New Delhi |
| Name of publisher, distributor, etc. | Danika publishing company |
| Date of publication, distribution, etc. | 2021 |
| 300 ## - PHYSICAL DESCRIPTION | |
| Extent | viii,872 |
| Other physical details | PB |
| 365 ## - TRADE PRICE | |
| Price amount | 550 |
| Currency code | INR |
| 650 ## - SUBJECT ADDED ENTRY--TOPICAL TERM | |
| Topical term or geographic name entry element | Library Science |
| 9 (RLIN) | 97313 |
| 906 ## - LOCAL DATA ELEMENT F, LDF (RLIN) | |
| a | assistant ; eligibility ; entrance ; exams ; information ; JRF ; library ; M.Phil ; NET ; NTA ; Ph.D ; professor ; science: ; SET ; testfor ; Truemans ; UGC |
| 942 ## - ADDED ENTRY ELEMENTS (KOHA) | |
| Source of classification or shelving scheme | Dewey Decimal Classification |
| Koha item type | Book |
| Withdrawn status | Lost status | Damaged status | Not for loan | Collection code | Home library | Current library | Date acquired | Source of acquisition | Cost, normal purchase price | Total Checkouts | Total Renewals | Full call number | Barcode | Date last seen | Date last checked out | Price effective from | Koha item type |
|---|---|---|---|---|---|---|---|---|---|---|---|---|---|---|---|---|---|
| General | St Aloysius PG Library | St Aloysius PG Library | 03/01/2021 | Biblios Book Point | 550.00 | 1 | 1 | 020.2 THAT | PG017418 | 11/03/2025 | 09/23/2025 | 04/26/2021 | Book |